African Cities by Letter - M - Statistics

General Stats
  • This quiz has been taken 70 times
  • The average score is 8 of 20
Answer Stats
Hint City % Correct
Morocco's name comes from this city Marrakesh
92%
Three Black Hawks were shot down here Mogadishu
80%
Formerly "Lourenço Marques" Maputo
79%
Named for James Monroe Monrovia
79%
Capital of Lesotho Maseru
75%
Serves as capital along with Lobamba Mbabane
64%
Regional capital in Burkina Fasoor Japanese comic book style Manga
56%
Largest city in Bioko Malabo
49%
Spanish city in Africa Melilla
49%
Former Portuguese trading post for five years Mombasa
46%
Diamond capital of D.R. Congo Mbuji-Mayi
31%
Namesake of the Mormon angel who gave the Golden Plates to Joseph Smith Moroni
31%
Moroccan capital, 1672-1727 Meknes
20%
Capital of Mayotte Mamoudzou
16%
Largest Tanzanian city on Lake Victoria Mwanza
16%
Boko Haram was founded here Maiduguri
13%
"Trade capital" of Libya Misrata
13%
"Victorious" city in Nile Delta Mansoura
7%
Biggest city in Cameroon's panhandle Maroua
5%
Capital of Mpumalanga, South Africa Mbombela
3%
No matching quizzes found
Score Distribution
Percent of People with Each Score
Percentile by Number Answered
Your Score History
You have not taken this quiz